[Event "GRE-chT 50th"]
[Site "Nikaia"]
[Date "2023.08.29"]
[Round "6.8"]
[White "Fragkos, Vasileios"]
[Black "Abelakiotis, Stavros"]
[Result "1-0"]
[WhiteElo "2072"]
[BlackElo "1982"]
[PlyCount "111"]
[EventDate "2023.08.25"]
[EventType "team"]
[EventRounds "9"]
[EventCountry "GRE"]
[SourceTitle "EXT 2024"]
[Source "ChessBase"]
[SourceDate "2023.10.10"]
[SourceVersion "1"]
[SourceVersionDate "2023.10.10"]
[SourceQuality "1"]
[WhiteTeam "Peristeriou PS"]
[BlackTeam "Irakleiou Attikis"]
[WhiteTeamCountry "GRE"]
[BlackTeamCountry "GRE"]

1. d4 Nf6 2. Bf4 e6 3. e3 c5 4. c3 cxd4 5. exd4 b6 6. Qf3 Nc6 7. Nd2 Bb7 8. Qh3 d6 9. 0-0-0 b5 10. Bxb5 Qa5 11. Bc4 Nd5 12. Ne2 Nxf4 13. Nxf4 d5 14. Bb3 Qc7 15. Qe3 Be7 16. Rhe1 a5 17. Ba4 Rb8 18. Qg3 g6 19. Qe3 Qd6 20. Qe5 0-0 21. Qxd6 Bxd6 22. Nd3 Rfc8 23. Kb1 Ba6 24. Nf3 Bb5 25. Bxb5 Rxb5 26. a4 Rb7 27. Ka2 Ne7 28. Nd2 h5 29. g3 Rcb8 30. Re2 Nc8 31. b3 Rc7 32. c4 Bb4 33. Rc1 Ne7 34. Nf3 dxc4 35. bxc4 Rbc8 36. Nxb4 axb4 37. Rec2 Nd5 38. Kb3 Nc3 39. c5 Ra7 40. Ne5 f6 41. Nc4 Nd5 42. Nb6 Rd8 43. Nxd5 Rxd5 44. c6 Rc7 45. Rc4 e5 46. dxe5 fxe5 47. Kxb4 Rd2 48. R1c2 Rd1 49. Kb5 Kf7 50. Kb6 Rc8 51. Kb7 Re8 52. Rb4 Rdd8 53. c7 Rc8 54. Rb6 e4 55. Rcc6 g5 56. Rf6+ 1-0

[Event "GRE-chT 50th"]
[Site "Nikaia"]
[Date "2023.08.28"]
[Round "5.8"]
[White "Abelakiotis, Stavros"]
[Black "Bougas, Georgios"]
[Result "1-0"]
[WhiteElo "1982"]
[BlackElo "1714"]
[PlyCount "65"]
[EventDate "2023.08.25"]
[EventType "team"]
[EventRounds "9"]
[EventCountry "GRE"]
[SourceTitle "EXT 2024"]
[Source "ChessBase"]
[SourceDate "2023.10.10"]
[SourceVersion "1"]
[SourceVersionDate "2023.10.10"]
[SourceQuality "1"]
[WhiteTeam "Irakleiou Attikis"]
[BlackTeam "Larisas"]
[WhiteTeamCountry "GRE"]
[BlackTeamCountry "GRE"]

1. e4 c5 2. Nf3 e6 3. d4 cxd4 4. Nxd4 Nc6 5. Nc3 Qc7 6. f4 a6 7. Nxc6 Qxc6 8. Bd3 b5 9. Qe2 Bb7 10. Bd2 Bc5 11. 0-0-0 Ne7 12. a3 0-0 13. Rhf1 Rac8 14. Kb1 Rfe8 15. g4 b4 16. axb4 Bxb4 17. f5 Qb6 18. Qe1 a5 19. f6 Ng6 20. e5 Bf8 21. h4 Bc6 22. h5 Rb8 23. Bc1 Nh8 24. fxg7 Bxg7 25. Ne4 a4 26. h6 Bxe5 27. Nf6+ Bxf6 28. Rxf6 a3 29. Qe5 Kf8 30. b3 Bd5 31. Bxa3+ Re7 32. Rxe6 Ng6 33. Bxg6 1-0

[Event "Petroupoli Dias CM 4th"]
[Site "Petroupoli"]
[Date "2020.02.20"]
[Round "6"]
[White "Stavropoulos, Konstantinos"]
[Black "Abelakiotis, Stavros"]
[Result "1-0"]
[WhiteElo "2071"]
[BlackElo "2037"]
[PlyCount "101"]
[EventDate "2020.01.16"]
[EventType "tourn"]
[EventRounds "9"]
[EventCountry "GRE"]
[SourceTitle "EXT 2021"]
[Source "ChessBase"]
[SourceDate "2020.10.23"]
[SourceVersion "1"]
[SourceVersionDate "2020.10.23"]
[SourceQuality "1"]

1. d4 Nf6 2. c4 e6 3. Nc3 Bb4 4. f3 c5 5. d5 d6 6. e4 b5 7. a3 Ba5 8. Bd3 0-0 9. Nge2 bxc4 10. Bxc4 Nxd5 11. Bxd5 exd5 12. Qxd5 Qb6 13. 0-0 Be6 14. Qg5 f6 15. Qg3 Bxc3 16. Nxc3 Nd7 17. Rd1 Ne5 18. f4 Nf7 19. a4 Rfe8 20. Ra3 Rad8 21. h3 Bc4 22. Kh2 Qb7 23. Qf2 Bb3 24. Rd2 Rd7 25. a5 a6 26. Re2 Bc4 27. Re1 Nd8 28. e5 fxe5 29. fxe5 Rxe5 30. Rxe5 dxe5 31. Qxc5 Bf1 32. Qg1 Rf7 33. Ra4 Ne6 34. Re4 Nd4 35. Rxe5 h6 36. Re1 Qc7+ 37. Kh1 Qc4 38. Re4 Rd7 39. Be3 Qc6 40. Bxd4 Bd3 41. Re8+ Kh7 42. Qe3 Qg6 43. Re7 Rxe7 44. Qxe7 Qg3 45. Nd5 Bf1 46. Nf6+ Kg6 47. Qxg7+ Kxg7 48. Nh5+ Kg6 49. Nxg3 Bd3 50. h4 h5 51. Kg1 1-0

[Event "Petroupoli Dias CM 4th"]
[Site "Petroupoli"]
[Date "2020.01.30"]
[Round "3"]
[White "Abelakiotis, Stavros"]
[Black "Koukas, Anastasios"]
[Result "1/2-1/2"]
[WhiteElo "2037"]
[BlackElo "1936"]
[PlyCount "87"]
[EventDate "2020.01.16"]
[EventType "tourn"]
[EventRounds "9"]
[EventCountry "GRE"]
[SourceTitle "EXT 2021"]
[Source "ChessBase"]
[SourceDate "2020.10.23"]
[SourceVersion "1"]
[SourceVersionDate "2020.10.23"]
[SourceQuality "1"]

1. e4 e5 2. Nf3 Nf6 3. Nxe5 d6 4. Nf3 Nxe4 5. Nc3 Nxc3 6. dxc3 Be7 7. Be3 Nc6 8. Qd2 Be6 9. 0-0-0 Qd7 10. Kb1 Bf6 11. Bg5 Bxg5 12. Nxg5 0-0-0 13. Nxe6 fxe6 14. g3 Kb8 15. c4 Ne5 16. b3 Qc6 17. Be2 Qb6 18. f4 Nc6 19. Bf3 Rde8 20. Rhe1 a6 21. Qc3 Re7 22. Re3 Rhe8 23. Rde1 g6 24. Qf6 Qd4 25. Qxd4 Nxd4 26. Bg2 e5 27. c5 Nf5 28. Re4 exf4 29. Rxe7 Rxe7 30. Rxe7 Nxe7 31. cxd6 cxd6 32. gxf4 Kc7 33. c4 d5 34. Kc2 dxc4 35. bxc4 b6 36. Kc3 Kd6 37. Be4 Kc5 38. a3 a5 39. Bf3 Nf5 40. Be4 Ne3 41. Bd3 Nd1+ 42. Kc2 Ne3+ 43. Kc3 Nd1+ 44. Kc2 1/2-1/2

[Event "Petroupoli Dias CM 4th"]
[Site "Petroupoli"]
[Date "2020.01.23"]
[Round "2"]
[White "Papadopoulos, Petros"]
[Black "Abelakiotis, Stavros"]
[Result "0-1"]
[WhiteElo "2117"]
[BlackElo "2037"]
[PlyCount "52"]
[EventDate "2020.01.16"]
[EventType "tourn"]
[EventRounds "9"]
[EventCountry "GRE"]
[SourceTitle "EXT 2021"]
[Source "ChessBase"]
[SourceDate "2020.10.23"]
[SourceVersion "1"]
[SourceVersionDate "2020.10.23"]
[SourceQuality "1"]

1. d4 Nf6 2. Nf3 e6 3. g3 b5 4. a4 b4 5. Bg2 c5 6. c4 bxc3 7. bxc3 d5 8. 0-0 Ba6 9. Bf4 Bd6 10. Nbd2 0-0 11. Re1 Nc6 12. Nb3 Ne4 13. Rc1 Rc8 14. Nfd2 Nxd2 15. Qxd2 Na5 16. Nxc5 Bxc5 17. dxc5 Nb3 18. Qe3 Nxc1 19. Rxc1 Qa5 20. Bd6 Qxa4 21. Bxf8 Kxf8 22. Qe5 Qa3 23. Qd6+ Kg8 24. Rc2 Bc4 25. h4 Bb3 26. Qd7 Rf8 0-1

[Event "Petroupoli ASOP Dias"]
[Site "Petroupoli"]
[Date "2019.10.10"]
[Round "3"]
[White "Gekas, Sokratis"]
[Black "Abelakiotis, Stavros"]
[Result "0-1"]
[WhiteElo "2193"]
[BlackElo "2030"]
[PlyCount "56"]
[EventDate "2019.09.26"]
[EventType "tourn"]
[EventRounds "9"]
[EventCountry "GRE"]
[SourceTitle "EXT 2024"]
[Source "ChessBase"]
[SourceDate "2023.10.10"]
[SourceVersion "1"]
[SourceVersionDate "2023.10.10"]
[SourceQuality "1"]

1. e4 c5 2. Nc3 e6 3. g3 a6 4. Bg2 Nc6 5. d3 b5 6. a3 Bb7 7. f4 Nd4 8. Nge2 d6 9. Be3 Qb6 10. Qd2 Nf6 11. h3 Be7 12. Bf2 Nxe2 13. Qxe2 0-0 14. 0-0 Rfe8 15. g4 Bc6 16. Rae1 a5 17. Nd1 d5 18. e5 Nd7 19. c3 b4 20. axb4 axb4 21. Qf3 Rec8 22. Qg3 bxc3 23. bxc3 Ra2 24. f5 d4 25. fxe6 fxe6 26. Bxc6 Qxc6 27. cxd4 cxd4 28. Bxd4 Bh4 0-1

[Event "Petroupoli ASOP Dias"]
[Site "Petroupoli"]
[Date "2019.09.26"]
[Round "1"]
[White "Ilandzis, Spyridon"]
[Black "Abelakiotis, Stavros"]
[Result "1-0"]
[WhiteElo "2063"]
[BlackElo "2030"]
[PlyCount "111"]
[EventDate "2019.09.26"]
[EventType "tourn"]
[EventRounds "9"]
[EventCountry "GRE"]
[SourceTitle "EXT 2024"]
[Source "ChessBase"]
[SourceDate "2023.10.10"]
[SourceVersion "1"]
[SourceVersionDate "2023.10.10"]
[SourceQuality "1"]

1. e4 c5 2. Nf3 e6 3. d4 cxd4 4. Nxd4 Nc6 5. Nc3 Qc7 6. Be3 a6 7. Qf3 Nf6 8. 0-0-0 Ne5 9. Qg3 b5 10. f4 Neg4 11. Bg1 h5 12. e5 b4 13. Na4 Nd5 14. h3 Nh6 15. Bd3 Bb7 16. Be4 Rc8 17. Qf3 h4 18. Bf2 Be7 19. Kb1 g6 20. Nb3 Bc6 21. Nac5 a5 22. Nd3 Nf5 23. Nd4 Nxd4 24. Bxd4 Qb7 25. Rhe1 a4 26. Ka1 b3 27. cxb3 axb3 28. a3 Qb5 29. Rc1 0-0 30. Bc5 Ra8 31. Bxe7 Nxe7 32. Kb1 Bxe4 33. Rxe4 Nd5 34. Nb4 Rfc8 35. Rd1 Rxa3 36. bxa3 Nc3+ 37. Kb2 Nxd1+ 38. Qxd1 Rc2+ 39. Nxc2 bxc2+ 40. Kxc2 Qc6+ 41. Kd3 Qd5+ 42. Rd4 Qxg2 43. Rxd7 Qxh3+ 44. Kc4 Qxa3 45. f5 Qa6+ 46. Kc5 Qa5+ 47. Kc6 Qc3+ 48. Kb7 Qb4+ 49. Kc8 Qc4+ 50. Rc7 Qa6+ 51. Kd8 exf5 52. Qd6 Qa2 53. Ke7 h3 54. Kf6 h2 55. Rc8+ Kh7 56. Rh8+ 1-0

[Event "GRE-ch U16"]
[Site "Patras"]
[Date "2019.06.29"]
[Round "7.1"]
[White "Kasioumis, Vasilios"]
[Black "Abelakiotis, Stavros"]
[Result "1/2-1/2"]
[WhiteElo "1994"]
[BlackElo "1908"]
[PlyCount "82"]
[EventDate "2019.06.25"]
[EventType "swiss"]
[EventRounds "9"]
[EventCountry "GRE"]
[SourceTitle "EXT 2020"]
[Source "ChessBase"]
[SourceDate "2019.10.17"]
[SourceVersion "1"]
[SourceVersionDate "2019.10.17"]
[SourceQuality "1"]
[WhiteTeam "Greece"]
[BlackTeam "Greece"]
[WhiteTeamCountry "GRE"]
[BlackTeamCountry "GRE"]

1. e4 c5 2. Nf3 Nc6 3. d4 cxd4 4. Nxd4 e6 5. Nc3 Qc7 6. g3 a6 7. Bg2 Nf6 8. 0-0 Nxd4 9. Qxd4 Bc5 10. Bf4 d6 11. Qd2 h6 12. Rad1 e5 13. Be3 Be6 14. Bxc5 dxc5 15. Nd5 Bxd5 16. exd5 Qd6 17. c4 0-0 18. a3 a5 19. b3 b6 20. Rb1 Nd7 21. Rfe1 f5 22. Qc3 Rfe8 23. Bh3 g6 24. Rb2 h5 25. Bg2 Re7 26. b4 axb4 27. axb4 e4 28. f3 exf3 29. Rxe7 Qxe7 30. Bxf3 Ne5 31. Re2 Re8 32. Kg2 cxb4 33. Qe3 Qd6 34. Ra2 Re7 35. Qh6 Rf7 36. Ra8+ Rf8 37. Ra7 Rf7 38. Ra8+ Rf8 39. Ra7 Rf7 40. Ra8+ Rf8 41. Ra7 Rf7 1/2-1/2

[Event "Petroupoli Dias CM 2nd"]
[Site "Petroupoli"]
[Date "2019.04.04"]
[Round "1"]
[White "Abelakiotis, Stavros"]
[Black "Kofidis, Andreas"]
[Result "1/2-1/2"]
[WhiteElo "1950"]
[BlackElo "2288"]
[PlyCount "159"]
[EventDate "2019.04.04"]
[EventType "tourn"]
[EventRounds "9"]
[EventCountry "GRE"]
[SourceTitle "EXT 2020"]
[Source "ChessBase"]
[SourceDate "2019.10.17"]
[SourceVersion "1"]
[SourceVersionDate "2019.10.17"]
[SourceQuality "1"]

1. e4 e5 2. Nf3 Nc6 3. Bb5 a6 4. Ba4 Nf6 5. 0-0 Be7 6. Re1 b5 7. Bb3 d6 8. c3 Na5 9. Bc2 c5 10. d4 Qc7 11. h3 0-0 12. Nbd2 Bd7 13. Nf1 cxd4 14. cxd4 Rfc8 15. Ne3 Nc4 16. Nxc4 bxc4 17. Bd2 Be8 18. Bc3 Nd7 19. Qd2 Bf6 20. Red1 Nf8 21. Rac1 Ne6 22. dxe5 dxe5 23. Qd6 Qxd6 24. Rxd6 Be7 25. Rd2 f6 26. b3 Ba3 27. Rcd1 a5 28. bxc4 Rxc4 29. Bb3 Rxc3 30. Bxe6+ Kf8 31. Rd3 Rxd3 32. Rxd3 Bb4 33. Nd2 Ke7 34. Bd5 Rc8 35. a3 Bc5 36. Rb3 Rc7 37. Nc4 a4 38. Rb7 Rxb7 39. Bxb7 Bf7 40. Ba6 Bg6 41. Bb7 Bd4 42. Kf1 Bf7 43. Ba6 Be8 44. Bb7 Bb5 45. Bd5 Bc5 46. Ke1 Bxc4 47. Bxc4 Bxa3 48. Kd2 Bc5 49. f3 h5 50. g4 h4 51. Bb5 a3 52. Bc4 g6 53. Kd3 Kf8 54. g5 f5 55. exf5 gxf5 56. g6 Kg7 57. Bf7 Kf6 58. Ke2 Bf8 59. Kf1 Bh6 60. Ke2 Kg5 61. Kf2 Kf4 62. Bd5 Bg7 63. Be6 e4 64. fxe4 Bd4+ 65. Ke2 Kxe4 66. Kf1 f4 67. Kg2 f3+ 68. Kf1 Kf4 69. Bf7 Kg3 70. Be6 Bg7 71. Bd5 Bf6 72. Be6 Be5 73. Bd5 Kxh3 74. g7 Bxg7 75. Kf2 Kg4 76. Bxf3+ Kf4 77. Bd5 h3 78. Kg1 Kg3 79. Ba2 Bd4+ 80. Kh1 1/2-1/2

[Event "Athens Chess Square op"]
[Site "Athens"]
[Date "2019.01.07"]
[Round "8"]
[White "Abelakiotis, Stavros"]
[Black "Kesaris, Evagelos"]
[Result "1-0"]
[WhiteElo "1965"]
[BlackElo "1901"]
[PlyCount "57"]
[EventDate "2019.01.01"]
[EventType "swiss"]
[EventRounds "8"]
[EventCountry "GRE"]
[SourceTitle "CBM 189 Extra"]
[Source "ChessBase"]
[SourceDate "2019.06.03"]
[SourceVersion "1"]
[SourceVersionDate "2019.06.03"]
[SourceQuality "1"]

1. e4 e5 2. Nf3 Nc6 3. Bb5 a6 4. Ba4 Nf6 5. 0-0 b5 6. Bb3 Be7 7. Re1 d6 8. c3 0-0 9. h3 Nb8 10. d4 Nbd7 11. Nbd2 Bb7 12. Bc2 Re8 13. a4 Bf8 14. Bd3 c6 15. b4 d5 16. exd5 Nxd5 17. dxe5 g6 18. Qb3 Bg7 19. e6 fxe6 20. Ne4 N7b6 21. a5 Na4 22. Bg5 Qd7 23. Rac1 h6 24. Bh4 g5 25. Bg3 Ndxc3 26. Nxc3 Qxd3 27. Rxe6 Nxc3 28. Rxe8+ Kh7 29. Qg8+ 1-0

[Event "Athens Chess Square op"]
[Site "Athens"]
[Date "2019.01.04"]
[Round "4"]
[White "Abelakiotis, Stavros"]
[Black "Grigoriadis, Mihail"]
[Result "1/2-1/2"]
[WhiteElo "1965"]
[BlackElo "2227"]
[PlyCount "54"]
[EventDate "2019.01.01"]
[EventType "swiss"]
[EventRounds "8"]
[EventCountry "GRE"]
[SourceTitle "CBM 189 Extra"]
[Source "ChessBase"]
[SourceDate "2019.06.03"]
[SourceVersion "1"]
[SourceVersionDate "2019.06.03"]
[SourceQuality "1"]

1. e4 c5 2. Nf3 Nc6 3. d4 cxd4 4. Nxd4 d6 5. c4 Qb6 6. Nb3 Nf6 7. Nc3 a5 8. Be3 Qd8 9. Nd5 Nd7 10. Nd4 Nxd4 11. Qxd4 e6 12. Nc3 e5 13. Qd2 Nf6 14. f3 Be7 15. Nb5 0-0 16. Be2 Be6 17. 0-0 Qb8 18. Rfd1 Ra6 19. b3 Rc8 20. Bf1 h6 21. Qf2 a4 22. Na7 Rc7 23. Nb5 Rcc6 24. Na7 Rc7 25. Nb5 Rc8 26. Na7 Rc7 27. Nb5 Rc8 1/2-1/2

[Event "Wch U14"]
[Site "Porto Carras"]
[Date "2018.10.21"]
[Round "3"]
[White "Abelakiotis, Stavros"]
[Black "Vettese, Nicholas"]
[Result "1-0"]
[WhiteElo "1994"]
[BlackElo "2338"]
[PlyCount "105"]
[EventDate "2018.10.20"]
[EventType "swiss"]
[EventRounds "11"]
[EventCountry "GRE"]
[SourceTitle "CBM 187 Extra"]
[Source "ChessBase"]
[SourceDate "2018.11.04"]
[SourceVersion "1"]
[SourceVersionDate "2018.11.04"]
[SourceQuality "1"]

1. e4 c5 2. Nf3 d6 3. Bb5+ Nd7 4. a4 Ngf6 5. Nc3 b6 6. d4 a6 7. Be2 Qc7 8. 0-0 Bb7 9. d5 g6 10. Bf4 Bg7 11. Qd2 0-0 12. Bh6 Bc8 13. h3 Rd8 14. Bxg7 Kxg7 15. Rfe1 Nf8 16. Bc4 N6d7 17. Rad1 Ne5 18. Nxe5 dxe5 19. Qe2 g5 20. Qh5 f6 21. h4 h6 22. d6 exd6 23. Nd5 Qa7 24. Nxf6 Be6 25. Bxe6 Nxe6 26. Ng4 Rh8 27. Ne3 Qf7 28. Nf5+ Kf8 29. Qxf7+ Kxf7 30. Rxd6 Nd4 31. Rxb6 Rhb8 32. Rxb8 Rxb8 33. Nxd4 exd4 34. hxg5 Rxb2 35. gxh6 Rxc2 36. e5 Rb2 37. h7 Kg7 38. e6 Rb8 39. e7 Re8 40. Rc1 Rxe7 41. Rxc5 Re1+ 42. Kh2 Kxh7 43. Rd5 Rd1 44. Rd6 a5 45. Rd5 Rb1 46. Rxa5 Rb4 47. Ra6 Kg7 48. a5 Kf7 49. Rh6 Ke7 50. a6 d3 51. a7 Ra4 52. Rh3 d2 53. Rd3 1-0

[Event "GRE-chT 46th"]
[Site "Rio Achaia"]
[Date "2018.07.13"]
[Round "5.10"]
[White "Galanakis, Nikolaos"]
[Black "Abelakiotis, Stavros"]
[Result "0-1"]
[WhiteElo "1579"]
[BlackElo "2029"]
[PlyCount "84"]
[EventDate "2018.07.10"]
[EventType "team"]
[EventRounds "7"]
[EventCountry "GRE"]
[SourceTitle "CBM 185 Extra"]
[Source "ChessBase"]
[SourceDate "2018.07.29"]
[SourceVersion "1"]
[SourceVersionDate "2018.07.29"]
[SourceQuality "1"]
[WhiteTeam "Chania Kaissa"]
[BlackTeam "Sea of Corinth Argonaut"]
[WhiteTeamCountry "GRE"]
[BlackTeamCountry "GRE"]

1. g3 Nf6 2. Bg2 c5 3. Nf3 Nc6 4. 0-0 d5 5. d3 e5 6. Nbd2 Be7 7. b3 0-0 8. Bb2 e4 9. dxe4 dxe4 10. Ne5 Nxe5 11. Bxe5 e3 12. fxe3 Ng4 13. Bf4 g5 14. h3 gxf4 15. hxg4 fxe3 16. Ne4 Bxg4 17. Qxd8 Raxd8 18. Bf3 Bxf3 19. Rxf3 f5 20. Nc3 Bf6 21. Rxf5 Bxc3 22. Raf1 Rxf5 23. Rxf5 b6 24. Kf1 Rd1+ 25. Kg2 Rd2 26. Kf3 Rxc2 27. Kxe3 Rxa2 28. Kd3 Bg7 29. e4 Rb2 30. Kc4 Rd2 31. e5 Rd4+ 32. Kb5 Re4 33. Ka6 Bxe5 34. Kxa7 Bc7 35. Kb7 Re7 36. g4 Kg7 37. Kc6 Kg6 38. Rd5 Bf4 39. Kxb6 Be3 40. Kb5 Rb7+ 41. Kc4 Rb4+ 42. Kd3 Rxb3+ 0-1

[Event "GRE-ch Schools Gymnasia-B 30th"]
[Site "Peristeri"]
[Date "2018.04.02"]
[Round "9"]
[White "Abelakiotis, Stavros"]
[Black "Kouta, Antonia"]
[Result "1-0"]
[WhiteElo "2067"]
[BlackElo "1709"]
[PlyCount "67"]
[EventDate "2018.04.01"]
[EventType "swiss (rapid)"]
[EventRounds "9"]
[EventCountry "GRE"]
[SourceTitle "EXT 2019"]
[Source "ChessBase"]
[SourceDate "2018.10.10"]
[SourceVersion "1"]
[SourceVersionDate "2018.10.10"]
[SourceQuality "1"]

1. e4 c5 2. Nf3 d6 3. d4 cxd4 4. Nxd4 Nf6 5. f3 Nbd7 6. c4 a6 7. Nc3 b6 8. Be3 Bb7 9. Be2 e6 10. 0-0 Be7 11. Rc1 0-0 12. Qd2 Qc7 13. Rfd1 Rac8 14. Bf1 Qb8 15. b3 Bd8 16. Qf2 Bc7 17. g3 Rfd8 18. Nde2 Ne5 19. Bg2 Bc6 20. Nd4 Be8 21. Bf1 Qb7 22. h3 Nc6 23. Bg2 Qb8 24. f4 Ne7 25. a4 Nd7 26. b4 Qa7 27. Nb3 Qb8 28. Rb1 Nf6 29. a5 Nd7 30. axb6 Nxb6 31. Bf1 Nc6 32. Na5 Nxa5 33. bxa5 Qa8 34. axb6 1-0

[Event "GRE-ch Schools Gymnasia-B 30th"]
[Site "Peristeri"]
[Date "2018.04.01"]
[Round "5"]
[White "Abelakiotis, Stavros"]
[Black "Nteligiorgis, Eleftherios"]
[Result "1-0"]
[WhiteElo "2067"]
[BlackElo "1628"]
[PlyCount "101"]
[EventDate "2018.04.01"]
[EventType "swiss (rapid)"]
[EventRounds "9"]
[EventCountry "GRE"]
[SourceTitle "EXT 2019"]
[Source "ChessBase"]
[SourceDate "2018.10.10"]
[SourceVersion "1"]
[SourceVersionDate "2018.10.10"]
[SourceQuality "1"]

1. e4 c5 2. Nf3 e6 3. g3 d6 4. Bg2 Nc6 5. 0-0 Nf6 6. Re1 Qc7 7. c3 Be7 8. d4 cxd4 9. cxd4 d5 10. exd5 Nxd5 11. Nc3 0-0 12. Nxd5 exd5 13. Bf4 Bd6 14. Bxd6 Qxd6 15. Ne5 f6 16. Nxc6 bxc6 17. Rc1 Bd7 18. Qd2 Rab8 19. b3 Rfe8 20. h4 Rxe1+ 21. Rxe1 Re8 22. Rxe8+ Bxe8 23. Qe1 Bd7 24. Qa5 Qb8 25. Bxd5+ Kh8 26. Bg2 h6 27. Qc5 Qb7 28. b4 a6 29. a4 Qc8 30. a5 Qb7 31. Be4 Qc8 32. Bd3 Kg8 33. Qc4+ Be6 34. Qxa6 Qxa6 35. Bxa6 Kf7 36. Bb7 Bc4 37. a6 Bxa6 38. Bxa6 Ke7 39. Be2 Kd6 40. Bf3 Kc7 41. Kf1 Kb6 42. Ke2 Kb5 43. Ke3 g5 44. hxg5 fxg5 45. g4 Kxb4 46. Bxc6 Kc4 47. Bg2 Kb5 48. Ke4 Kb6 49. d5 Kc7 50. Kf5 Kd6 51. Kg6 1-0

[Event "Athens Georgiou CC op 4th"]
[Site "Athens"]
[Date "2018.03.31"]
[Round "4"]
[White "Nemtsas, Hristoforos"]
[Black "Abelakiotis, Stavros"]
[Result "1/2-1/2"]
[WhiteElo "1875"]
[BlackElo "2067"]
[PlyCount "109"]
[EventDate "2018.03.10"]
[EventType "swiss"]
[EventRounds "7"]
[EventCountry "GRE"]
[SourceTitle "EXT 2020"]
[Source "ChessBase"]
[SourceDate "2019.10.17"]
[SourceVersion "1"]
[SourceVersionDate "2019.10.17"]
[SourceQuality "1"]

1. d4 Nf6 2. c4 e6 3. Nc3 Bb4 4. Qc2 0-0 5. a3 Bxc3+ 6. Qxc3 b6 7. Bg5 Bb7 8. e3 d6 9. Ne2 Nbd7 10. Qd3 h6 11. Bh4 Re8 12. Nc3 Nf8 13. f3 Ng6 14. Bf2 d5 15. cxd5 Nxd5 16. Nxd5 Qxd5 17. Qb5 Red8 18. Qxd5 Bxd5 19. Rc1 Rd7 20. Ba6 f5 21. 0-0 e5 22. dxe5 Nxe5 23. Bg3 Re8 24. Rfd1 c6 25. Be2 Nf7 26. Bf2 Red8 27. Bg3 g5 28. Rd4 c5 29. Rd2 Bb3 30. Rxd7 Rxd7 31. Rc3 Be6 32. Rd3 Rxd3 33. Bxd3 c4 34. Bc2 Kg7 35. Kf2 Kf6 36. Ke2 Ne5 37. Kd2 b5 38. Kc3 Nc6 39. Bc7 a5 40. Bd6 h5 41. Bd1 h4 42. Be2 Bd5 43. b3 Ke6 44. Bc5 Ne5 45. Bb6 b4+ 46. axb4 axb4+ 47. Kxb4 cxb3 48. Bd4 g4 49. Bxe5 Kxe5 50. Kc3 h3 51. f4+ Ke4 52. gxh3 gxh3 53. Bd3+ Kxe3 54. Bxf5 Kxf4 55. Bxh3 1/2-1/2

[Event "Athens New Year Square op"]
[Site "Athens"]
[Date "2018.01.05"]
[Round "5"]
[White "Abelakiotis, Stavros"]
[Black "Berbatis, Antonios"]
[Result "1-0"]
[WhiteElo "1981"]
[BlackElo "1811"]
[PlyCount "57"]
[EventDate "2018.01.01"]
[EventType "swiss"]
[EventRounds "9"]
[EventCountry "GRE"]
[SourceTitle "CBM 182 Extra"]
[Source "ChessBase"]
[SourceDate "2018.02.23"]
[SourceVersion "1"]
[SourceVersionDate "2018.02.23"]
[SourceQuality "1"]

1. e4 c5 2. Nf3 e6 3. g3 Nc6 4. Bg2 e5 5. 0-0 Nge7 6. c3 g6 7. d4 cxd4 8. cxd4 Bg7 9. d5 Nd4 10. Nxd4 exd4 11. e5 0-0 12. d6 Nc6 13. f4 f6 14. exf6 Rxf6 15. Nd2 Rxd6 16. Qb3+ Kh8 17. Ne4 Na5 18. Qb5 Re6 19. Ng5 Qb6 20. Qd5 h6 21. Nxe6 dxe6 22. Qe4 e5 23. fxe5 Bf5 24. Qh4 Kh7 25. Bg5 Nc4 26. Bf6 Bf8 27. Rxf5 gxf5 28. Qh5 Qe6 29. Bd5 1-0

[Event "EU-ch U14 27th"]
[Site "Mamaia"]
[Date "2017.09.07"]
[Round "3"]
[White "Abelakiotis, Stavros"]
[Black "Lazarov, Nikola"]
[Result "1-0"]
[WhiteElo "1897"]
[BlackElo "1509"]
[PlyCount "81"]
[EventDate "2017.09.05"]
[EventType "swiss"]
[EventRounds "9"]
[EventCountry "ROU"]
[SourceTitle "CBM 180 Extra"]
[Source "ChessBase"]
[SourceDate "2017.10.06"]
[SourceVersion "1"]
[SourceVersionDate "2017.10.06"]
[SourceQuality "1"]

1. e4 c5 2. Nf3 Nc6 3. Bb5 Nd4 4. Nxd4 cxd4 5. c3 Qb6 6. Bc4 Qg6 7. Qf3 Nf6 8. e5 Ng4 9. cxd4 e6 10. Bd3 Nxe5 11. dxe5 Qg5 12. Qg3 Qd8 13. Nc3 a6 14. Be4 Rb8 15. 0-0 g6 16. d4 Be7 17. Bh6 Qb6 18. d5 d6 19. exd6 Bxd6 20. Bf4 e5 21. Bxe5 Be7 22. Bxh8 Ra8 23. Rfe1 Bd7 24. d6 Bxd6 25. Bxb7+ Be6 26. Qf3 Ra7 27. Bc6+ Kd8 28. Rad1 Kc7 29. Bd4 Bc5 30. Bxc5 Qxc5 31. Nd5+ Kc8 32. Rc1 Qd6 33. Nf4 Rc7 34. Nxe6 fxe6 35. Bb7+ Kb8 36. Rxc7 Qxc7 37. h3 e5 38. Bxa6 h6 39. Qb7+ Qxb7 40. Bxb7 Kxb7 41. Rxe5 1-0

[Event "GRE-ch U14"]
[Site "Achaia"]
[Date "2017.07.01"]
[Round "8"]
[White "Vardakas, Grigorios"]
[Black "Abelakiotis, Stavros"]
[Result "1-0"]
[WhiteElo "1932"]
[BlackElo "1861"]
[PlyCount "83"]
[EventDate "2017.06.26"]
[EventType "swiss"]
[EventRounds "9"]
[EventCountry "GRE"]
[SourceTitle "EXT 2018"]
[Source "ChessBase"]
[SourceDate "2017.10.13"]
[SourceVersion "1"]
[SourceVersionDate "2017.10.13"]
[SourceQuality "1"]

1. d4 Nf6 2. Nf3 e6 3. Bg5 h6 4. Bh4 d6 5. Nbd2 g5 6. Bg3 Nh5 7. e3 Bg7 8. Bd3 f5 9. Qe2 Qe7 10. 0-0-0 Nd7 11. Ng1 Ndf6 12. f3 Nxg3 13. hxg3 Bd7 14. e4 fxe4 15. Nxe4 0-0-0 16. Nxf6 Qxf6 17. c3 d5 18. g4 Rde8 19. Nh3 e5 20. dxe5 Rxe5 21. Qf2 Kb8 22. Rde1 Rhe8 23. Kd2 Qd6 24. Rxe5 Bxe5 25. Re1 d4 26. c4 c5 27. Kc2 a6 28. Qf1 Qc6 29. b3 b5 30. Nf2 bxc4 31. Bxc4 a5 32. Nd3 Qd6 33. Re2 Bf6 34. Rxe8+ Bxe8 35. Qe1 Qe7 36. Qxa5 Qe2+ 37. Kc1 Qf1+ 38. Kb2 Qxg2+ 39. Ka3 Qxf3 40. Qb6+ Kc8 41. Nxc5 Qa8+ 42. Ba6+ 1-0